书目信息 |
| 题名: |
高中新旧课程标准教学要求比较
|
|
| 作者: | 朱小青 主编 | |
| 分册: | 物理 | |
| 出版信息: | 上海 华东师范大学出版社 2022.08 |
|
| 页数: | 126页 | |
| 开本: | 26cm | |
| 丛书名: | 高中新课程教师培训用书 | |
| 单 册: | ||
| 中图分类: | G632.3 , G633.72 | |
| 科图分类: | ||
| 主题词: | 课程标准--ke cheng biao zhun--教学研究--高中 , 中学物理课--zhong xue wu li ke--课程标准--教学研究--高中 | |
| 电子资源: | ||
| ISBN: | 978-7-5675-9793-8 | |
| 000 | 01280nam 2200313 450 | |
| 001 | 012001001896 | |
| 005 | 20140202092358.0 | |
| 010 | @a978-7-5675-9793-8@dCNY26.00 | |
| 099 | @aCAL 012020053494 | |
| 100 | @a20220905d2020 em y0chiy50 ea | |
| 101 | 0 | @achi |
| 102 | @aCN@b310000 | |
| 105 | @aak a 000yy | |
| 106 | @ar | |
| 200 | 1 | @a高中新旧课程标准教学要求比较@Agao zhong xin jiu ke cheng biao zhun jiao xue yao qiu bi jiao@i物理@f主编朱小青 |
| 210 | @a上海@c华东师范大学出版社@d2022.08 | |
| 215 | @a126页@c图@d26cm | |
| 225 | 2 | @a高中新课程教师培训用书@Agao zhong xin ke cheng jiao shi pei xun yong shu |
| 320 | @a有书目。 | |
| 330 | @a本书分为六章内容,包括:新课标必修1和旧课标相关模块的比较、新课标必修2和旧课标相关模块的比较、新课标必修3和旧课标相关模块的比较、新课标选择性必修1与旧课标相关模块的比较、新课标选择性必修2和旧课标相关模块的比较、新课标选择性必修3和旧课标相关模块的比较。 | |
| 410 | 0 | @12001 @a高中新课程教师培训用书 |
| 517 | 1 | @a物理@Awu li |
| 606 | 0 | @a课程标准@Ake cheng biao zhun@x教学研究@x高中 |
| 606 | 0 | @a中学物理课@Azhong xue wu li ke@x课程标准@x教学研究@x高中 |
| 690 | @aG632.3@v5 | |
| 690 | @aG633.72@v5 | |
| 701 | 0 | @a朱小青@AZhu Xiaoqing@4主编 |
| 801 | 0 | @aCN@bAHXH@c20221111 |
| 905 | @b1367156-60@dG632.3@e1426@f5 | |
| 高中新旧课程标准教学要求比较.物理/主编朱小青.-上海:华东师范大学出版社,2022.08 |
| 126页:图;26cm.-(高中新课程教师培训用书) |
| ISBN 978-7-5675-9793-8:CNY26.00 |
| 本书分为六章内容,包括:新课标必修1和旧课标相关模块的比较、新课标必修2和旧课标相关模块的比较、新课标必修3和旧课标相关模块的比较、新课标选择性必修1与旧课标相关模块的比较、新课标选择性必修2和旧课标相关模块的比较、新课标选择性必修3和旧课标相关模块的比较。 |
| ● |
| 相关链接 |
|
|
|
|
正题名:高中新旧课程标准教学要求比较
索取号:G632.3/1426
 
预约/预借
| 序号 | 登录号 | 条形码 | 馆藏地/架位号 | 状态 | 备注 |
| 1 | 1367156 | 213671560 | 第一样本阅览室/ [索取号:G632.3/1426] | 在馆 | |
| 2 | 1367157 | 213671579 | 教育系资料室/ [索取号:G632.3/1426] | 在馆 | |
| 3 | 1367158 | 213671588 | 教育系资料室/ [索取号:G632.3/1426] | 在馆 | |
| 4 | 1367159 | 213671597 | 第四借阅区/ [索取号:G632.3/1426] | 在馆 | |
| 5 | 1367160 | 213671604 | 第四借阅区/ [索取号:G632.3/1426] | 在馆 |